000 01042nam a2200325 a 4500
001 000110211
003 CHAP
005 20220329144122.0
008 140801s2010 mx a |r| |||||||spa d
010 _a106673
011 _a107645
040 _cCHAP
082 0 4 _a338.972
_bM49
245 0 0 _aMedio siglo de desarrollo humano en México /
_cpor Programa de las Naciones Unidas para el Desarrollo.
260 _aMéxico :
_bPrograma de las Naciones Unidas para el Desarrollo,
_cc2010.
300 _a95 p. :
_bil.
590 _aE11695DGD
_b10
_c20140812
_lUCH01
_h1457
590 _aE6096MTM
_b05
_c20140801
_lUCH01
_h1419
590 _aE6096MTM
_b05
_c20140807
_lUCH01
_h0948
650 1 4 _aDemocracia.
_931740
650 1 4 _aDesarrollo humano.
_9124422
650 1 4 _aDesarrollo sustentable
_xMéxico.
_932090
650 1 4 _aEquidad de género.
_937248
650 1 4 _aGobierno.
_948401
650 1 4 _aRiesgos.
_997403
710 0 _aPrograma de las Naciones Unidas para el Desarrollo.
_992305
901 _aBK
942 _cLIBRO
942 _n0
999 _c106673
_d106673